| 000 | 00527nam a22002057a 4500 | ||
|---|---|---|---|
| 003 | OSt | ||
| 005 | 20150306140459.0 | ||
| 008 | 150306b xxu||||| |||| 00| 0 eng d | ||
| 020 | _a0340808721 | ||
| 040 | _cDLC | ||
| 082 | _aWL 102 C223n 2003 | ||
| 100 |
_aCarpenter R H S _93172 |
||
| 245 |
_aNeurophysiology / _cR H S Carpenter |
||
| 250 | _a4th ed. | ||
| 260 |
_aLondon: _bArnold; _c2003. |
||
| 300 |
_axiii, 466 p : _bcol.ill; _c27 cm. |
||
| 504 | _aIncludes index | ||
| 650 |
_aNeurophysiology _93154 |
||
| 942 |
_2z _cSLOAN |
||
| 999 |
_c1159 _d1159 |
||